| 000 | 00519nam a22001937a 4500 | ||
|---|---|---|---|
| 003 | OSt | ||
| 005 | 20160511141133.0 | ||
| 008 | 160511b xxu||||| |||| 00| 0 eng d | ||
| 020 | _a063205297X | ||
| 040 | _cDDC. | ||
| 082 | _a632.7ALF1999. | ||
| 100 |
_aAlford V.David; _98708 |
||
| 245 | _aA textbook of Agricultural Entomology; | ||
| 260 |
_aUSA. _bBlackwell science ltd. _c1999. |
||
| 300 |
_avi,314p; _bcol,ill; _c26cm. |
||
| 504 | _aincludes Glossary and index. | ||
| 650 |
_aBiology. _95602 |
||
| 942 |
_2ddc _cSLOAN |
||
| 999 |
_c3982 _d3982 |
||